[Event "It (open)"]
[Site "masterchessopen.com Barbera del Valles (Spain)"]
[Date "2012.07.10"]
[Round "7"]
[White "Fenollar Jorda Manuel (ESP)"]
[Black "Isgandarova Khayala (AZE)"]
[Result "0-1"]
[WhiteElo "2354"]
[BlackElo "2206"]

1.d4 Nf6 2.c4 g6 3.Nc3 Bg7 4.e4 d6 5.Nf3 O-O 6.Be2 e5 7.O-O Nc6 8.d5 Ne7 9.b4
Nh5 10.g3 a5 11.Ba3 f5 12.Ng5 Nf6 13.Bf3 h6 14.Ne6 Bxe6 15.dxe6 axb4 16.Bxb4
c5 17.Qb3 cxb4 18.Qxb4 Qa5 19.Qb3 Kh8 20.Rac1 Rab8 21.Rfd1 Nc6 22.Rxd6 Nd4
23.Qd1 Qa3 {#R} 0-1

[Event "It (open)"]
[Site "masterchessopen.com Barcelona (Spain)"]
[Date "2009.08.26"]
[Round "6"]
[White "Gonzalez Garcia Jose (MEX)"]
[Black "Bergez Luc (FRA)"]
[Result "1-0"]
[WhiteElo "2509"]
[BlackElo "2371"]

1.d4 Nf6 2.c4 g6 3.Nc3 Bg7 4.e4 d6 5.Nf3 O-O 6.Be2 e5 7.O-O Nc6 8.d5 Ne7 9.b4
c6 10.Rb1 Nh5 11.Re1 f5 12.dxc6 bxc6 13.c5 d5 14.exd5 cxd5 15.Bg5 d4 16.Nxe5
Bxe5 17.Bc4+ Kh8 18.Rxe5 dxc3 19.Bxe7 Qxd1+ 20.Rxd1 Bb7 21.Bxf8 Rxf8 22.f3
{#r} 1-0

[Event "It (open)"]
[Site "masterchessopen.com Basel (Switzerland)"]
[Round "1"]
[White "Tukmakov Vladimir B (UKR)"]
[Black "Jaeggi Dorian (SUI)"]
[Result "1-0"]
[WhiteElo "2557"]
[BlackElo "2236"]

1.Nf3 Nf6 2.c4 g6 3.Nc3 Bg7 4.e4 d6 5.d4 O-O 6.Be2 e5 7.O-O Nc6 8.d5 Ne7 9.b4
a5 10.Ba3 axb4 11.Bxb4 Nd7 12.a4 b6 13.a5 bxa5 14.Rxa5 Rxa5 15.Bxa5 Ba6 16.Na4
Nc8 17.c5 Bxe2 18.Qxe2 Nxc5 19.Nxc5 dxc5 20.Rc1 Qd6 21.Qb5 {#r} 1-0

[Event "It (open)"]
[Site "masterchessopen.com Bergamo (Italy)"]
[Date "2005.07.30"]
[Round "4"]
[White "Gromovs Sergejs (ITA)"]
[Black "Agnelli Francesco (ITA)"]
[Result "1-0"]
[WhiteElo "2302"]
[BlackElo "2051"]

1.d4 Nf6 2.Nf3 g6 3.c4 Bg7 4.Nc3 d6 5.e4 O-O 6.Be2 e5 7.O-O Nc6 8.d5 Ne7 9.b4
Nh5 10.Re1 Nf4 11.Bf1 f5 12.Bxf4 fxe4 13.Bxe5 dxe5 14.Nxe4 Nf5 15.c5 Nd4
16.Nxd4 exd4 17.Bc4 Kh8 18.Qd2 Rf5 19.d6 c6 20.Ng3 Rf8 21.Re7 b5 22.Bb3 a5
23.Rae1 a4 24.Rxg7 Qh4 25.Ree7 axb3 26.Qg5 {#r} 1-0

[Event "It (open)"]
[Site "masterchessopen.com Berkeley (USA)"]
[Date "2005.12.18"]
[Round "4"]
[White "Zavadsky Peter (SVK)"]
[Black "Pearson Michael (USA)"]
[Result "1-0"]
[WhiteElo "1858"]
[BlackElo "2173"]

1.d4 Nf6 2.c4 g6 3.Nc3 Bg7 4.e4 d6 5.Nf3 O-O 6.Be2 e5 7.O-O Nc6 8.d5 Ne7 9.b4
Nh5 10.Re1 f5 11.Ng5 Nf4 12.Bxf4 exf4 13.Rc1 Kh8 14.Bf3 fxe4 15.Rxe4 Nf5
16.Ne6 Bxe6 17.dxe6 Be5 18.Nd5 g5 19.Qe1 Kg8 20.Rxe5 dxe5 21.Qxe5 Qd6 22.Nf6+
Kh8 23.Qxf5 Qe7 24.Nd5 {#r} 1-0

[Event "It (open)"]
[Site "masterchessopen.com Berkeley (USA)"]
[Date "2011.01.04"]
[Round "6"]
[White "Hills Kenneth B (USA)"]
[Black "Zepeda Lorena (ESA)"]
[Result "0-1"]
[WhiteElo "2115"]
[BlackElo "2125"]

1.d4 Nf6 2.c4 g6 3.Nc3 Bg7 4.e4 d6 5.Nf3 O-O 6.Be2 Nc6 7.O-O e5 8.d5 Ne7 9.b4
Nd7 10.c5 f5 11.cxd6 cxd6 12.Ng5 Nf6 13.f3 h6 14.Ne6 Bxe6 15.dxe6 fxe4 16.fxe4
Qb6+ 17.Kh1 Qxb4 18.Qd3 Nxe4 19.Nxe4 d5 20.Ba3 dxe4 21.Qg3 Rxf1+ 22.Rxf1 Qd2
23.Bc4 Rc8 24.Bb3 e3 25.Rf7 Rc1+ {#R} 0-1

[Event "It (open)"]
[Site "masterchessopen.com Bern (Switzerland)"]
[Round "9"]
[White "Nemet Ivan (SUI)"]
[Black "Arakhamia-Grant Ketevan (SCO)"]
[Result "0-1"]
[WhiteElo "2348"]
[BlackElo "2435"]

1.Nf3 Nf6 2.d4 g6 3.c4 Bg7 4.Nc3 O-O 5.e4 d6 6.Be2 e5 7.O-O Nc6 8.d5 Ne7 9.b4
Nh5 10.g3 f5 11.Ng5 Nf6 12.f3 c6 13.c5 h6 14.Bc4 Kh8 15.cxd6 Qxd6 16.Ne6 cxd5
17.exd5 Bxe6 18.dxe6 Qxb4 19.Qb3 Qc5+ 20.Kg2 Rfc8 {#R} 0-1

[Event "It (open)"]
[Site "masterchessopen.com Bern (Switzerland)"]
[Round "1"]
[White "Tukmakov Vladimir B (UKR)"]
[Black "Ineichen Hanspeter"]
[Result "1-0"]
[WhiteElo "2580"]
[BlackElo "1910"]

1.d4 Nf6 2.Nf3 g6 3.c4 Bg7 4.Nc3 O-O 5.e4 d6 6.Be2 e5 7.O-O Nc6 8.d5 Ne7 9.b4
Nh5 10.Re1 Nf4 11.Bf1 h6 12.Nd2 f5 13.f3 c6 14.Kh1 a5 15.bxa5 Qxa5 16.Bb2 c5
17.Nb5 Qd8 18.a4 Kh8 19.g3 Nh5 20.exf5 Rxf5 21.g4 {#r} 1-0

[Event "It (open)"]
[Site "masterchessopen.com Biel (Switzerland)"]
[Round "4"]
[White "Cruceli Salvatore (SUI)"]
[Black "Potterat Marc (SUI)"]
[Result "0-1"]
[WhiteElo "2121"]
[BlackElo "2148"]

1.d4 Nf6 2.c4 g6 3.Nc3 Bg7 4.e4 d6 5.Nf3 O-O 6.Be2 e5 7.O-O Nc6 8.d5 Ne7 9.b4
a5 10.bxa5 c5 11.Nd2 Rxa5 12.Rb1 Nd7 13.Qc2 f5 14.exf5 gxf5 15.f4 Ng6 16.fxe5
Ndxe5 17.Nf3 Nxf3+ 18.gxf3 f4 19.Ne4 Bd4+ 20.Kh1 Rf5 21.Bd2 Rh5 22.Bxa5 Rxh2+
23.Kxh2 Qh4+ {#R} 0-1

[Event "It (open)"]
[Site "masterchessopen.com Biel (Switzerland)"]
[Round "6"]
[White "Baquero Luis A (COL)"]
[Black "Pavlovic Milos (SRB)"]
[Result "0-1"]
[WhiteElo "2350"]
[BlackElo "2500"]

1.d4 Nf6 2.c4 g6 3.Nc3 Bg7 4.e4 d6 5.Nf3 O-O 6.Be2 e5 7.O-O Nc6 8.d5 Ne7 9.b4
Nh5 10.Re1 f5 11.Ng5 Nf6 12.Bf3 c6 13.Be3 a6 14.c5 cxd5 15.exf5 e4 16.cxd6
Nxf5 17.Nxd5 exf3 18.Ne7+ Kh8 {#R} 0-1

[Event "It (open)"]
[Site "masterchessopen.com Biel (Switzerland)"]
[Round "11"]
[White "Pelletier Yannick (SUI)"]
[Black "Balcerak Jakob (GER)"]
[Result "1-0"]
[WhiteElo "2474"]
[BlackElo "2413"]

1.d4 Nf6 2.c4 g6 3.Nc3 Bg7 4.e4 d6 5.Nf3 O-O 6.Be2 e5 7.O-O Nc6 8.d5 Ne7 9.b4
Nh5 10.Re1 c6 11.Nd2 Nf4 12.Bf1 h5 13.a4 Bg4 14.Qb3 g5 15.Nd1 Bh6 16.Ne3 Bd7
17.Bb2 cxd5 18.cxd5 f5 19.b5 Rf6 20.Nec4 g4 21.Nxd6 Rxd6 22.Nc4 Rg6 23.Nxe5
{#r} 1-0

[Event "It (open)"]
[Site "masterchessopen.com Bled (Slovenia)"]
[Round "4"]
[White "Tratar Marko (SLO)"]
[Black "Grosar Kiti (SLO)"]
[Result "1-0"]
[WhiteElo "2450"]
[BlackElo "2290"]

1.Nf3 Nf6 2.c4 g6 3.Nc3 Bg7 4.e4 d6 5.d4 O-O 6.Be2 e5 7.O-O Nc6 8.d5 Ne7 9.b4
Nh5 10.Re1 Nf4 11.Bf1 f5 12.g3 Nh5 13.Ng5 Nf6 14.exf5 gxf5 15.Bb2 Ng6 16.c5
Qe7 17.Qb3 Kh8 18.cxd6 cxd6 19.Rad1 Bh6 20.Ne6 Rg8 21.Bh3 Nh4 22.Bg2 Nxg2
23.Kxg2 Nh5 24.Nb5 Bd7 25.Nxd6 Bxe6 26.dxe6 {#r} 1-0

[Event "It (open)"]
[Site "masterchessopen.com Boblingen (Germany)"]
[Round "3"]
[White "Schenk Andreas (GER)"]
[Black "Braun Volker Matthias (GER)"]
[Result "1-0"]
[WhiteElo "2443"]
[BlackElo "2162"]

1.d4 Nf6 2.c4 g6 3.Nc3 Bg7 4.e4 d6 5.Nf3 O-O 6.Be2 e5 7.O-O Nc6 8.d5 Ne7 9.b4
Nd7 10.c5 dxc5 11.bxc5 Nxc5 12.Ba3 Nd7 13.Nb5 c5 14.dxc6 bxc6 15.Nd6 c5 16.Bc4
h6 17.Qb3 Qb6 18.Bxf7+ Kh7 19.Rfd1 Ba6 20.Qe6 Qd8 21.Nb7 Bxb7 22.Rxd7 Bc8
23.Rxd8 {#r} 1-0

[Event "It (open)"]
[Site "masterchessopen.com Boeblingen (Germany)"]
[Date "2008.12.27"]
[Round "3"]
[White "Chasovnikova Eugenia (RUS)"]
[Black "Rombach Michael (GER)"]
[Result "1-0"]
[WhiteElo "2338"]
[BlackElo "2130"]

1.d4 Nf6 2.Nf3 g6 3.c4 Bg7 4.Nc3 O-O 5.e4 d6 6.Be2 e5 7.O-O Nc6 8.d5 Ne7 9.b4
a5 10.Ba3 axb4 11.Bxb4 Nd7 12.a4 f5 13.Ng5 Nf6 14.c5 fxe4 15.cxd6 cxd6 16.Ne6
Bxe6 17.dxe6 Nf5 18.Nb5 d5 19.g4 Nd4 20.e7 Qd7 21.exf8=Q+ Bxf8 22.Bxf8 Nxe2+
23.Qxe2 Rxf8 24.f3 exf3 25.Qxf3 e4 26.Qf4 {#r} 1-0

[Event "It (open)"]
[Site "masterchessopen.com Brasschaat (Belgium)"]
[Date "2005.08.24"]
[Round "5"]
[White "Heukels Wim"]
[Black "Van Herck Paul (BEL)"]
[Result "0-1"]
[WhiteElo "1894"]
[BlackElo "1958"]

1.d4 Nf6 2.c4 g6 3.Nc3 Bg7 4.e4 d6 5.Nf3 O-O 6.Be2 e5 7.O-O Nc6 8.d5 Ne7 9.b4
Nh5 10.Ng5 Nf4 11.g3 {#R} 0-1

[Event "It (open)"]
[Site "masterchessopen.com Burgos (Spain)"]
[Round "2"]
[White "Veingold Aleksandr (EST)"]
[Black "Sanchez Aller Fernando (ESP)"]
[Result "1-0"]
[WhiteElo "2462"]
[BlackElo "2151"]

1.d4 Nf6 2.Nf3 g6 3.c4 Bg7 4.Nc3 O-O 5.e4 d6 6.Be2 e5 7.O-O Nc6 8.d5 Ne7 9.b4
Nh5 10.Re1 Nf4 11.Bf1 a5 12.bxa5 Rxa5 13.a4 c5 14.Ra3 Ra6 15.Nb5 h6 16.Nd2 g5
17.g3 Nfg6 18.Be2 Qd7 19.Bh5 Kh7 20.f3 f5 21.exf5 Nxf5 22.Qc2 Qf7 23.Ne4 Qe7
24.Bxg6+ Kxg6 25.g4 {#r} 1-0

[Event "It (open)"]
[Site "masterchessopen.com Cannes (France)"]
[Round "7"]
[White "Derieux Christian (FRA)"]
[Black "Touzane Olivier (FRA)"]
[Result "0-1"]
[WhiteElo "2145"]
[BlackElo "2495"]

1.d4 Nf6 2.c4 g6 3.Nc3 Bg7 4.e4 d6 5.Nf3 O-O 6.Be2 e5 7.O-O Nc6 8.d5 Ne7 9.b4
Nh5 10.g3 f5 11.Ng5 Nf6 12.f3 f4 13.Kg2 a5 14.Ba3 fxg3 15.hxg3 Nh5 16.Ne6 Bxe6
17.dxe6 axb4 18.Bxb4 c5 19.Nb5 cxb4 20.Nxd6 Nc6 21.Qd5 Nf6 22.Qc5 {#R} 0-1

[Event "It (open)"]
[Site "masterchessopen.com Cappelle la Grande (France)"]
[Date "2009.03.03"]
[Round "5"]
[White "Kojima Shinya (JPN)"]
[Black "Timoshenko Georgy (UKR)"]
[Result "0-1"]
[WhiteElo "2323"]
[BlackElo "2556"]

1.Nf3 Nf6 2.c4 g6 3.Nc3 Bg7 4.e4 d6 5.d4 O-O 6.Be2 e5 7.O-O Nc6 8.d5 Ne7 9.b4
Nh5 10.Re1 f5 11.Ng5 Nf6 12.f3 Kh8 13.Rb1 c6 14.Be3 h6 15.Ne6 Bxe6 16.dxe6 Ne8
17.b5 Nc7 18.bxc6 bxc6 19.Rb7 Nxe6 20.Bxa7 Rxa7 {#R} 0-1

[Event "It (open)"]
[Site "masterchessopen.com Cento (Italy)"]
[Date "2011.02.12"]
[Round "9"]
[White "Pelyushenko Vladyslav (ITA)"]
[Black "Castellano Alfonso (ITA)"]
[Result "0-1"]
[WhiteElo "1812"]
[BlackElo "1935"]

1.d4 Nf6 2.c4 g6 3.Nc3 Bg7 4.e4 d6 5.Be2 O-O 6.Nf3 e5 7.O-O Nc6 8.d5 Ne7 9.b4
Nh5 10.Be3 Nf4 11.c5 Nxe2+ 12.Qxe2 f5 13.Ng5 f4 14.Bd2 dxc5 15.bxc5 Nxd5
16.Nxh7 Nxc3 17.Qc4+ Kxh7 18.Bxc3 f3 19.Rfd1 Qg5 20.g3 Qg4 21.Re1 a5 22.Kh1
Rf5 23.Qf1 Rh5 24.Qg1 Qg5 25.h4 Qg4 {#R} 0-1

[Event "It (open)"]
[Site "masterchessopen.com Ceske Budejovice (Czech Republic)"]
[Round "3"]
[White "Tolstikh Nikolay (RUS)"]
[Black "Vacek Radomir (CZE)"]
[Result "1-0"]
[WhiteElo "2405"]
[BlackElo "2092"]

1.Nf3 g6 2.c4 Bg7 3.e4 d6 4.d4 Nf6 5.Nc3 O-O 6.Be2 e5 7.O-O Nc6 8.d5 Ne7 9.b4
a5 10.Ba3 axb4 11.Bxb4 Bh6 12.c5 Ne8 13.Nd2 f5 14.Nc4 Rf6 15.a4 Bf8 16.Qb3 Bd7
17.f4 exf4 18.e5 dxe5 19.Nxe5 Nc8 20.Nxd7 Qxd7 21.c6 {#r} 1-0

[Event "It (open)"]
[Site "masterchessopen.com Collado Villalba (Spain)"]
[Date "2009.08.26"]
[Round "6"]
[White "Sanchez Gonzalez Sergio (ESP)"]
[Black "Enjuto Velasco Roberto (ESP)"]
[Result "1-0"]
[WhiteElo "2305"]
[BlackElo "2202"]

1.c4 Nf6 2.Nc3 g6 3.e4 d6 4.d4 Bg7 5.Be2 O-O 6.Nf3 e5 7.O-O Nc6 8.d5 Ne7 9.b4
Nh5 10.Re1 f5 11.a4 Nf6 12.Bf1 h6 13.Ra3 g5 14.exf5 Nxf5 15.Bd3 a5 16.bxa5
Rxa5 17.Qc2 Ne7 18.Nd2 Nh5 19.Nde4 Nf4 20.Qd1 Nf5 21.Bf1 Nd4 22.Nb5 c6 23.dxc6
d5 24.cxd5 Qxd5 25.Bxf4 Rxf4 26.Nbd6 {#r} 1-0

[Event "It (open)"]
[Site "masterchessopen.com Copenhagen (Denmark)"]
[Date "2006.10.14"]
[Round "1"]
[White "Akdag Dara (DEN)"]
[Black "Brondum Eric (DEN)"]
[Result "0-1"]
[WhiteElo "1989"]
[BlackElo "2175"]

1.d4 Nf6 2.c4 g6 3.Nc3 Bg7 4.e4 d6 5.Nf3 O-O 6.Be2 e5 7.O-O Nc6 8.d5 Ne7 9.b4
Nh5 10.c5 Nf4 11.Bxf4 exf4 12.Rc1 h6 13.Nd2 g5 14.Nc4 a6 15.Na4 dxc5 16.bxc5
Ng6 17.Qb3 Ne5 18.Nxe5 Bxe5 19.Rfd1 Qf6 20.Rc2 g4 21.f3 h5 22.d6 cxd6 23.cxd6
b5 24.Qd5 Be6 25.Qc6 {#R} 0-1

[Event "It (open)"]
[Site "masterchessopen.com Copenhagen (Denmark)"]
[Date "2012.05.05"]
[Round "6"]
[White "Pallesen Jacob (DEN)"]
[Black "Matthiesen Martin (DEN)"]
[Result "0-1"]
[WhiteElo "1994"]
[BlackElo "2290"]

1.d4 Nf6 2.c4 g6 3.Nc3 Bg7 4.e4 d6 5.Nf3 O-O 6.Be2 e5 7.O-O Nc6 8.d5 Ne7 9.b4
Nh5 10.Re1 a5 11.Ba3 Nf4 12.Bf1 Bg4 13.c5 f5 14.cxd6 cxd6 15.b5 Rc8 16.Rc1 Bh6
17.Qb3 Nh3+ 18.Kh1 Nxf2+ 19.Kg1 Qb6 20.Na4 Nh3+ 21.Kh1 Qg1+ 22.Nxg1 Nf2# 0-1

[Event "It (open)"]
[Site "masterchessopen.com Creon (France)"]
[Round "0"]
[White "Jacquet Francois (FRA)"]
[Black "Gicquel Frederic (FRA)"]
[Result "0-1"]
[WhiteElo "2188"]
[BlackElo "2075"]

1.d4 g6 2.Nf3 Bg7 3.c4 d6 4.Nc3 Nf6 5.e4 O-O 6.Be2 e5 7.O-O Nc6 8.d5 Ne7 9.b4
Kh8 10.a4 Neg8 11.c5 Nh5 12.Re1 Nf4 13.Bf1 f5 14.Bxf4 exf4 15.e5 a5 16.Qb3 g5
17.exd6 cxd6 18.cxd6 g4 19.Nd2 Qxd6 20.bxa5 Qc5 21.Rac1 Bd4 22.Nd1 Qxc1 {#R}
0-1

[Event "It (open)"]
[Site "masterchessopen.com Di Roseto (Italy)"]
[Date "2010.06.06"]
[Round "3"]
[White "Naumkin Igor (RUS)"]
[Black "Lauria Amilcare (ITA)"]
[Result "1-0"]
[WhiteElo "2483"]
[BlackElo "2119"]

1.d4 Nf6 2.Nf3 g6 3.c4 Bg7 4.Nc3 d6 5.e4 O-O 6.Be2 e5 7.O-O Nc6 8.d5 Ne7 9.b4
a5 10.bxa5 Rxa5 11.a4 Ne8 12.Ba3 f5 13.Nd2 f4 14.c5 Rf6 15.Nc4 Ra8 16.cxd6
cxd6 17.Rb1 Ra6 18.f3 g5 19.Qb3 Ng6 20.Nb6 Rxb6 21.Qxb6 Qe7 22.Nb5 g4 23.Na7
Bd7 24.Qxb7 g3 25.Bb5 {#r} 1-0

[Event "It (open)"]
[Site "masterchessopen.com Ditzingen (Germany)"]
[Date "2006.05.26"]
[Round "3"]
[White "Behm Simon (GER)"]
[Black "Mutschnik Ilia (GER)"]
[Result "0-1"]
[WhiteElo "2210"]
[BlackElo "2445"]

1.d4 Nf6 2.c4 g6 3.Nc3 Bg7 4.e4 d6 5.Be2 O-O 6.Nf3 e5 7.O-O Nc6 8.d5 Ne7 9.b4
Nh5 10.Re1 f5 11.Ng5 Nf6 12.Bf3 Kh8 13.Bb2 Ne8 14.c5 Nxd5 15.Nxd5 Qxg5 16.cxd6
cxd6 17.Rc1 Rf7 18.b5 Be6 19.exf5 gxf5 20.a4 e4 21.Bxg7+ Rxg7 {#R} 0-1

[Event "It (open)"]
[Site "masterchessopen.com Ditzingen (Germany)"]
[Date "2006.05.26"]
[Round "4"]
[White "Nagelsdiek Michael (GER)"]
[Black "Dinger Solvejg"]
[Result "1-0"]
[WhiteElo "2140"]
[BlackElo "1651"]

1.d4 Nf6 2.Nf3 g6 3.c4 Bg7 4.Nc3 O-O 5.e4 d6 6.Be2 e5 7.O-O Nc6 8.d5 Ne7 9.b4
Nd7 10.Re1 f5 11.Bf1 f4 12.a4 a5 13.bxa5 Rxa5 14.Nd2 g5 15.Ba3 Nf6 16.c5 g4
17.Nc4 Ra6 18.Nb5 Ne8 19.Rc1 g3 20.hxg3 fxg3 21.fxg3 Ng6 22.cxd6 cxd6 23.Ncxd6
Nxd6 24.Nxd6 Qxd6 25.Bxd6 Rxd6 26.Rc7 {#r} 1-0

[Event "It (open)"]
[Site "masterchessopen.com Ditzingen (Germany)"]
[Date "2006.05.27"]
[Round "5"]
[White "Schuetz Guenter (GER)"]
[Black "Scherer Holger (GER)"]
[Result "1-0"]
[WhiteElo "2244"]
[BlackElo "2092"]

1.Nf3 g6 2.c4 Bg7 3.Nc3 Nf6 4.e4 d6 5.d4 O-O 6.Be2 e5 7.O-O Nc6 8.d5 Ne7 9.b4
a5 10.Ba3 Nd7 11.bxa5 Rxa5 12.Bb4 Ra8 13.a4 h6 14.a5 f5 15.Nd2 Nf6 16.f3 f4
17.c5 Ne8 18.Nb5 g5 19.Nc4 Rf6 20.Rc1 Bf8 21.Nxc7 Qxc7 22.cxd6 Qd8 23.dxe7
Bxe7 24.Bxe7 Qxe7 25.Nb6 {#r} 1-0

[Event "It (open)"]
[Site "masterchessopen.com Dortmund (Germany)"]
[Round "7"]
[White "Halasz Tamas (HUN)"]
[Black "Krass Herwig (GER)"]
[Result "1-0"]
[WhiteElo "2400"]
[BlackElo "2088"]

1.d4 Nf6 2.c4 g6 3.Nc3 Bg7 4.e4 d6 5.Be2 O-O 6.Nf3 e5 7.O-O Nc6 8.d5 Ne7 9.b4
Nd7 10.Nd2 f5 11.f3 Kh8 12.Qc2 Ng8 13.a4 Nh6 14.Ba3 Qg5 15.Nb5 Nf6 16.Nxc7 f4
17.Nxa8 Bh3 18.Rf2 Rxa8 19.c5 Nf5 20.exf5 Nxd5 21.Ne4 Qxf5 22.Qa2 Ne3 23.Nxd6
Qd7 {#r} 1-0

[Event "It (open)"]
[Site "masterchessopen.com Dresden (Germany)"]
[Date "2009.07.25"]
[Round "1"]
[White "Moeller Hendrik (GER)"]
[Black "Hansch S"]
[Result "1-0"]
[WhiteElo "2171"]
[BlackElo "1793"]

1.Nf3 Nf6 2.c4 g6 3.Nc3 Bg7 4.e4 d6 5.d4 O-O 6.Be2 e5 7.O-O Nc6 8.d5 Ne7 9.b4
Nh5 10.Re1 Nf4 11.Bf1 f5 12.Bxf4 exf4 13.e5 dxe5 14.Nxe5 Re8 15.c5 Nxd5
16.Qxd5+ Qxd5 17.Nxd5 Rxe5 18.Rxe5 Bxe5 19.Re1 Bg7 20.Bc4 {#r} 1-0

[Event "It (open)"]
[Site "masterchessopen.com Dubna (Russia)"]
[Round "8"]
[White "Gorshkov Yuri (RUS)"]
[Black "Gulkov Igor A (RUS)"]
[Result "1-0"]
[WhiteElo "2334"]
[BlackElo "2492"]

1.d4 Nf6 2.c4 g6 3.Nc3 Bg7 4.e4 d6 5.Be2 O-O 6.Nf3 e5 7.O-O Nc6 8.d5 Ne7 9.b4
Nh5 10.c5 Nf4 11.Re1 f5 12.cxd6 cxd6 13.Bxf4 exf4 14.e5 dxe5 15.Bc4 Qd6 16.Nb5
Qxb4 17.d6+ Kh8 18.dxe7 Qxe7 19.Nxe5 Bxe5 20.Qd5 {#r} 1-0

[Event "It (open)"]
[Site "masterchessopen.com Faaker-See (Austria)"]
[Round "6"]
[White "Behm Simon (GER)"]
[Black "Butunoi Alexandru (ROM)"]
[Result "0-1"]
[WhiteElo "2173"]
[BlackElo "2372"]

1.d4 Nf6 2.c4 g6 3.Nc3 Bg7 4.e4 d6 5.Nf3 O-O 6.Be2 e5 7.O-O Nc6 8.d5 Ne7 9.b4
Nh5 10.Re1 f5 11.Ng5 Nf6 12.Bf3 Kh8 13.Be3 Nfg8 14.Ne6 Bxe6 15.dxe6 f4 16.Bc1
Nc6 17.Nd5 Nd4 18.Bg4 Re8 19.g3 c6 20.e7 Nxe7 21.Nxe7 Qxe7 22.gxf4 exf4
23.Bxf4 h5 24.Bxh5 gxh5 25.Qxh5+ Kg8 26.Kh1 Nc2 {#R} 0-1

[Event "It (open)"]
[Site "masterchessopen.com Fagernes (Norway)"]
[Date "2011.04.17"]
[Round "6"]
[White "Bjerke Richard (NOR)"]
[Black "Bue Gunnar (NOR)"]
[Result "1-0"]
[WhiteElo "2135"]
[BlackElo "1772"]

1.d4 Nf6 2.c4 g6 3.Nc3 Bg7 4.e4 d6 5.Nf3 O-O 6.Be2 Nc6 7.O-O e5 8.d5 Ne7 9.b4
Nh5 10.Re1 f5 11.Ng5 Nf4 12.Bxf4 exf4 13.Rc1 h6 14.Ne6 Bxe6 15.dxe6 Bxc3
16.Rxc3 fxe4 17.Rh3 Kh7 18.Qc2 f3 19.gxf3 exf3 20.Bd1 Qe8 21.Qd2 {#r} 1-0

[Event "It (open)"]
[Site "masterchessopen.com Ferrol (Spain)"]
[Round "3"]
[White "Diaz Nunez Adolfo (ESP)"]
[Black "Damaso Rui (POR)"]
[Result "1-0"]
[WhiteElo "2189"]
[BlackElo "2429"]

1.Nf3 d6 2.d4 Nf6 3.c4 g6 4.Nc3 Bg7 5.e4 O-O 6.Be2 e5 7.O-O Nc6 8.d5 Ne7 9.b4
Nh5 10.Re1 Kh8 11.a4 f5 12.Nd2 Nf4 13.Bf1 Ng8 14.g3 Qg5 15.h4 Qd8 16.gxf4 exf4
17.Ra3 fxe4 18.Ncxe4 Qxh4 19.Qf3 Nh6 20.Qh1 Qd8 21.Nf3 Rf5 22.Qh4 Qf8 23.Neg5
Bf6 24.Bd3 {#r} 1-0

[Event "It (open)"]
[Site "masterchessopen.com Germany"]
[Round "4"]
[White "Hemmers Johann-Gerhard (GER)"]
[Black "Bonani Georg (ITA)"]
[Result "0-1"]
[WhiteElo "1938"]
[BlackElo "1871"]

1.d4 Nf6 2.c4 g6 3.Nc3 Bg7 4.e4 d6 5.Be2 O-O 6.Nf3 e5 7.O-O Nc6 8.d5 Ne7 9.b4
Ne8 10.c5 f5 11.Nd2 Nf6 12.Qb3 f4 13.Ba3 g5 14.Rac1 Ng6 15.cxd6 cxd6 16.Nb5
Rf7 17.Qc4 Ne8 18.Bh5 g4 19.Bb2 Bf8 20.a4 Qh4 21.Bxg6 hxg6 22.g3 Qh3 23.Rfd1
Rh7 {#R} 0-1

[Event "It (open)"]
[Site "masterchessopen.com Glyfada (Greece)"]
[Round "6"]
[White "Efstathiou Damianos (GRE)"]
[Black "Tsanas Athanasios (GRE)"]
[Result "0-1"]
[WhiteElo "2181"]
[BlackElo "2176"]

1.d4 Nf6 2.Nf3 g6 3.c4 Bg7 4.Nc3 O-O 5.e4 d6 6.Be2 e5 7.O-O Nc6 8.d5 Ne7 9.b4
a5 10.Ba3 axb4 11.Bxb4 b6 12.a4 Ne8 13.Qb3 Rb8 14.Rfd1 Bh6 15.Nb5 f5 16.exf5
Nxf5 17.c5 bxc5 18.Nxe5 Rxb5 19.Bxb5 cxb4 20.Nc6 Qg5 21.Nxb4 Nf6 22.g3 Ng4
23.Ra2 Qh5 24.f4 g5 25.Qf3 gxf4 26.gxf4 Nh4 {#R} 0-1

[Event "It (open)"]
[Site "masterchessopen.com Graz (Austria)"]
[Round "2"]
[White "Polak Tomas (CZE)"]
[Black "Loidl Florian (AUT)"]
[Result "1-0"]
[WhiteElo "2475"]
[BlackElo "2198"]

1.d4 Nf6 2.c4 g6 3.Nc3 Bg7 4.e4 O-O 5.Nf3 d6 6.Be2 e5 7.O-O Nc6 8.d5 Ne7 9.b4
Nh5 10.Re1 f5 11.Ng5 Nf4 12.Bxf4 exf4 13.Rc1 a5 14.a3 axb4 15.axb4 fxe4
16.Ncxe4 Ra3 17.c5 Nf5 18.cxd6 cxd6 19.Bg4 Qb6 20.Rxc8 Rxc8 21.Bxf5 gxf5
22.Qh5 fxe4 23.Qxh7+ Kf8 24.Ne6+ {#r} 1-0

[Event "It (open)"]
[Site "masterchessopen.com Griesheim (Germany)"]
[Round "1"]
[White "Dyga Ryszard (GER)"]
[Black "Guenther Peter (GER)"]
[Result "0-1"]
[WhiteElo "1590"]
[BlackElo "2215"]

1.d4 Nf6 2.c4 g6 3.Nc3 Bg7 4.e4 d6 5.Be2 O-O 6.Nf3 e5 7.O-O Nc6 8.d5 Ne7 9.b4
Nh5 10.Ne1 Nf4 11.Bf3 f5 12.Nd3 g5 13.Nxf4 exf4 14.Qc2 g4 15.Be2 fxe4 16.Qxe4
Bxc3 17.Bxf4 Ng6 18.Bh6 Qf6 19.Bxf8 Bxa1 20.Bh6 Bf5 21.Qe3 Bd4 22.Qg3 Re8
23.Bxg4 Bxg4 24.Qxg4 Qxf2+ {#R} 0-1

[Event "It (open)"]
[Site "masterchessopen.com Groningen (Netherlands)"]
[Round "4"]
[White "Ernst Sipke (NED)"]
[Black "Sziva Erika (NED)"]
[Result "1-0"]
[WhiteElo "2420"]
[BlackElo "2295"]

1.Nf3 Nf6 2.c4 g6 3.Nc3 Bg7 4.e4 d6 5.d4 O-O 6.Be2 e5 7.O-O Nc6 8.d5 Ne7 9.b4
Nh5 10.Qb3 Nf4 11.Bxf4 exf4 12.Rad1 h6 13.c5 g5 14.e5 g4 15.exd6 cxd6 16.Nd4
a6 17.Na4 f3 18.gxf3 Ng6 19.fxg4 Be5 20.f4 Nxf4 21.Rxf4 Bxf4 22.Nb6 Qh4 23.h3
Re8 24.Qf3 Be3+ 25.Kg2 {#r} 1-0

[Event "It (open)"]
[Site "masterchessopen.com Groningen (Netherlands)"]
[Round "2"]
[White "Jelen Igor (SLO)"]
[Black "Socko Bartosz (POL)"]
[Result "0-1"]
[WhiteElo "2345"]
[BlackElo "2475"]

1.d4 Nf6 2.c4 g6 3.Nc3 Bg7 4.e4 d6 5.Nf3 O-O 6.Be2 e5 7.O-O Nc6 8.d5 Ne7 9.b4
a5 10.Ba3 Nd7 11.bxa5 Rxa5 12.Bb4 Ra8 13.a4 Kh8 14.a5 f5 15.Nd2 Bh6 16.Nb3 Nf6
17.f3 Be3+ 18.Kh1 Nh5 19.Qd3 Ng3+ 20.hxg3 f4 21.gxf4 Nf5 22.g3 Nxg3+ 23.Kg2
exf4 24.Nd1 Nxf1 {#R} 0-1